| 000 | 00558nam a22001937a 4500 | ||
|---|---|---|---|
| 999 |
_c159707 _d159707 |
||
| 005 | 20190102125102.0 | ||
| 010 | _aENG-124620 | ||
| 020 |
_a8185883912 _c300.00 |
||
| 035 | _aEN-108152 | ||
| 037 | _bDBAD/PUB | ||
| 082 | _a181.432 | ||
| 100 | _aJyotirmayananda | ||
| 245 |
_aApplied yoga / _cby Jyotirmayananda |
||
| 250 | _a2nd ed. | ||
| 260 |
_aGhaziabad (U.P.) _bInternational Yoga Society _c2017 |
||
| 270 |
_aLal Bagh, Loni _bGhaziabad (U.P.) _e201102 |
||
| 300 |
_a375p. _bill. pic. _c21cm (pbk) |
||
| 942 |
_2ddc _cEN _h181.432 _mJYO |
||